Немили-недраги (Запис номер 155766)
[ съкратено ]
| 000 -Лидер | |
|---|---|
| Контролно поле с фиксирана дължина | 01293nam a2200349 c 4500 |
| 003 - Код на организацията, давaща контролен номер | |
| Контролно поле | BLK |
| 005 - Дата и час на последна редакция | |
| Контролно поле | 20250730100820.0 |
| 008 - Елементи от данни с фиксирана дължина | |
| fixed length control field | 180410b bul|||||r ||||||| ||bul|| |
| 010 ## - Наследен системен номер | |
| LC control number | KNG00162494000 |
| 020 ## - Международен стандартен номер на книга ISBN | |
| Международен стандартен номер на книга ISBN | 978-954-09-0242-5 |
| -- | издат.: Захарий Стоянов |
| 040 ## - Източник на каталожния запис | |
| Идентификатор на билиотеката - собственик на записа | BLK |
| 041 ## - Код за език | |
| Код за езика на текст/звукозапис или на отделно заглавие | Български |
| Код за езика КДБФ | Български |
| 072 #7 - Код за тематичната категория | |
| Код организация | bullib |
| Код за тематична категория | Н84 |
| Текст | Българска художествена литература Н |
| 080 ## - УДК | |
| Текстов определител УДК | Българска литература |
| УДК код - определител по УДК | 821.163.2 |
| УДК определител | -32 |
| УДК - код + определител | 821.163.2-32 |
| 100 1# - Редна дума - Автор | |
| Автор | Вазов, Иван Минчов |
| Авторска отговорност | първи автор |
| R(LIN) | 363396 |
| 139 ## - Редно поле | |
| Редна дума | Вазов, Иван Минчов |
| Авторски знак | Вазов, Ив. - В 15 |
| 245 10 - Сведения за заглавието | |
| Заглавие | Немили-недраги |
| Редно поле (дума) | Иван Минчов Вазов. |
| 257 ## - Страна на издаване | |
| Страна на създаване/издаване | България |
| 260 ## - Област на издателските данни | |
| -- | София |
| Име на издателя, разпространителя и проч. | Захарий Стоянов |
| Година на издаване | 2009 |
| Печатница | София : Образование и наука |
| 300 ## - Физическа характеристика | |
| Страници | 395 с. |
| Размери/Мащаб | 20 см |
| 380 ## - Жанр | |
| Жанр | Худож. лит. |
| 490 1# - СЕРИИ (Колекции) | |
| Име на серия | Поредица Българска класика |
| 653 ## - Ключова дума – ненормативна | |
| Ключова дума | повести |
| 653 ## - Ключова дума – ненормативна | |
| Ключова дума | разкази |
| 659 ## - Тематичен бюлетин | |
| Тематичен бюлетин | Н |
| 852 ## - Местоположение | |
| Форматна сигнатура | Цб 269494 |
| 856 4# - Електронен адрес и достъп | |
| Електронен формат | pdf - файл |
| Път до файла /url/ | |
| 856 4# - Електронен адрес и достъп | |
| Електронен формат | pdf - файл |
| Път до файла /url/ | |
| 942 ## - АРТИКУЛИ | |
| Вид на библиотечния материал | Книги |
| Скрит в OPAC | Не |
| Koha issues (borrowed), all copies | 76 |
| 944 ## - СЪЗДАВАНЕ И РЕДАКЦИЯ на ЗАПИСА | |
| Създаване/Редакция | Създаване |
| Дата на регистрацията/редакция | 27.06.2014 |
| Статус, дата на статуса | Цветомила Тодорова |
| Служител, извършил регистрацията/редакцията | 30576 |
| 944 ## - СЪЗДАВАНЕ И РЕДАКЦИЯ на ЗАПИСА | |
| Създаване/Редакция | Редакция |
| Дата на регистрацията/редакция | 30.08.2017 |
| Статус, дата на статуса | ф / |
| Служител, извършил регистрацията/редакцията | Людмила_Стоянова |
| 999 ## - СИСТЕМНИ КОНТРОЛНИ НОМЕРА | |
| Koha biblionumber | 155766 |
| Koha biblioitemnumber | 155766 |
| Код за отписване | Код за изгубен артикул | Код за повреда | Коз за рестрикции | Код за отдаване | Артикулен № | Име на библиотеката - собственик | Име на библиотеката, в която се намира в момента | Статус (Текущо местоположение) | Дата на вписване в системата | Местоположение - отдел | Цена в лева | Инвентарен номер | Систематично азбучна сигнатура | Баркод | Номер на екземпляра | Цена в евро | Служебна бележка | Служебен тип на артикула | Източник на класификационната схема |
|---|---|---|---|---|---|---|---|---|---|---|---|---|---|---|---|---|---|---|---|
| Не е изгубен | Не е повреден | без рестрикции | заемане за дома | 261256 | Регионална библиотека "Любен Каравелов" Русе | Регионална библиотека "Любен Каравелов" Русе | Заемна - подръчен фонд | 2014-06-27 | Заемна - подръчен фонд | 8.00 | 120000778695 | П 886.7-32/В 15 | 120000778695 | 1 | 4.09 | Дост: DA Вид: А N: 12 Дата: 27.06.2014 Дата инв: 14.02.2018 Бележки инв: П2018 | Книги | ||
| Не е изгубен | Не е повреден | без рестрикции | заемане за дома | 261257 | Регионална библиотека "Любен Каравелов" Русе | Регионална библиотека "Любен Каравелов" Русе | Заемна - подръчен фонд | 2017-08-29 | Заемна - подръчен фонд | 5.60 | 120000814485 | П 886.7-32/В 15 | 120000814485 | 2 | 2.86 | Дост: Pk Вид: Ф N: 17843 Дата: 16.08.2017 Дата инв: 15.02.2018 Бележки инв: П2018 | Книги | Universal Decimal Classification | |
| Не е изгубен | Не е повреден | без рестрикции | заемане за дома | 261258 | Регионална библиотека "Любен Каравелов" Русе | Регионална библиотека "Любен Каравелов" Русе | Заемна - подръчен фонд | 2017-08-29 | Заемна - подръчен фонд | 5.60 | 120000814486 | П 886.7-32/В 15 | 120000814486 | 3 | 2.86 | Дост: Pk Вид: Ф N: 17843 Дата: 16.08.2017 Дата инв: 15.02.2018 Бележки инв: П2018 | Книги | ||
| Не е изгубен | Не е повреден | без рестрикции | заемане за дома | 261259 | Регионална библиотека "Любен Каравелов" Русе | Регионална библиотека "Любен Каравелов" Русе | Заемна - подръчен фонд | 2017-08-29 | Заемна - подръчен фонд | 5.60 | 120000814487 | П 886.7-32/В 15 | 120000814487 | 4 | 2.86 | Дост: Pk Вид: Ф N: 17843 Дата: 16.08.2017 Дата инв: 15.02.2018 Бележки инв: П2018 | Книги | Universal Decimal Classification |